Rawshanfikrī va rawshanʹandīshī dar Īrān /
Saved in:
| Main Author: | |
|---|---|
| Format: | Book |
| Language: | Persian |
| Published: |
Tihrān :
Andīshah-i Nāb,
1387 [2008]
|
| Edition: | Chāp-i 1. |
| Subjects: | |
| Tags: |
Add Tag
No Tags, Be the first to tag this record!
|
| LEADER | 01292nam a2200361 a 4500 | ||
|---|---|---|---|
| 001 | 012007397-8 | ||
| 005 | 20101005145007.0 | ||
| 008 | 101004s2008 ir a b 000 0dperod | ||
| 010 | |a 2009362660 | ||
| 020 | |a 9786009078608 | ||
| 020 | |a 6009078601 | ||
| 035 | 0 | |a ocn668129194 | |
| 040 | |a CGU |b eng |c CGU | ||
| 043 | |a a-ir--- | ||
| 050 | 0 | 0 | |a DS316.4 |b .B33 2008 |
| 090 | |a DS316.4 |b .B232 2008 | ||
| 100 | 1 | |6 880-01 |a Bādāmchīyān, Asad Allāh. | |
| 245 | 1 | 0 | |6 880-02 |a Rawshanfikrī va rawshanʹandīshī dar Īrān / |c Asad Allāh Bādāmʹchiyān. |
| 250 | |6 880-03 |a Chāp-i 1. | ||
| 260 | |6 880-04 |a Tihrān : |b Andīshah-i Nāb, |c 1387 [2008] | ||
| 300 | |a 287 p. : |b ill. ; |c 22 cm. | ||
| 546 | |a In Persian. | ||
| 504 | |a Includes bibliographical references. | ||
| 651 | 0 | |a Iran |x Civilization |x Western influences. | |
| 651 | 0 | |a Iran |x Intellectual life |y 20th century. | |
| 650 | 0 | |a Intellectuals |x Political activity |z Iran. | |
| 752 | |a Iran |d Tehran. | ||
| 880 | 1 | |6 100-01 |a بادامچيان، اسد الله. | |
| 880 | 1 | 0 | |6 245-02 |a روشنفکرى و روشنانديشى در ايران / |c اسد الله بادامچيان. |
| 880 | |6 250-03 |a چاپ 1. | ||
| 880 | |6 260-04 |a تهران : |b انديشه ناب، |c 1387 [2008] | ||
| 988 | |a 20090617 | ||
| 906 | |0 OCLC | ||


